| 000 | 00741nam a22001937a 4500 | ||
|---|---|---|---|
| 999 |
_c176566 _d176566 |
||
| 005 | 20210111111203.0 | ||
| 010 | _aENG-128736 | ||
| 020 |
_a978-93-534-3510-3 _c499.00 (v.II) |
||
| 035 | _aEN-112268 | ||
| 037 | _bDBAD/PUB | ||
| 082 | _a510 | ||
| 100 | _aKhattar, Dinesh | ||
| 245 |
_aComplete Companion for JEE Main 2020 Mathematics: / _cDinesh Khattar, and Rohan Sinha |
||
| 260 |
_aUttar Pradesh _bPearson India Education Services Pvt. Ltd. _c2020 |
||
| 270 |
_bUttar Pradesh _e201301 _a15th Floor, Tower-B, World Trade Tower, Plot No.- 1, Block-C, Sector-16, Noida _mcompanysecretary.india@pearson.com _k044-66540100 |
||
| 300 |
_avarious pages. _c25cm(pbk) |
||
| 700 | _aSinha, Rohan | ||
| 942 |
_2ddc _cEN _h510 _mKHA |
||